| 000 | 00554nam a2200181 i 4500 | ||
|---|---|---|---|
| 001 | 130198 | ||
| 003 | ES-MaACL | ||
| 005 | 20231027063028.0 | ||
| 007 | t| | ||
| 008 | 070723s1935 fr ||||1| fre d | ||
| 100 | 1 |
_aZweig, Stefan, _d1881-1942 _9118562 |
|
| 245 | 1 | 3 |
_aLa peur / _cStefan Zweig ; traduit de l'allemand par Alzir Hella. |
| 260 |
_aParis : _bBernard Grasset, _c[1935] ( _eMontrouge : _fImp. Moderne) |
||
| 300 |
_a282 p. ; _c19 cm. |
||
| 700 | 1 |
_aHella, Alzir. _962433 |
|
| 852 |
_aES-MaACL _jA-4222 |
||
| 999 |
_c130198 _d130198 |
||